<?xml version="1.0" encoding="UTF-8"?>
<record
    xmlns:xsi="http://www.w3.org/2001/XMLSchema-instance"
    xsi:schemaLocation="http://www.loc.gov/MARC21/slim http://www.loc.gov/standards/marcxml/schema/MARC21slim.xsd"
    xmlns="http://www.loc.gov/MARC21/slim">

  <leader>00817nam a22001697a 4500</leader>
  <controlfield tag="003">FranzMayer</controlfield>
  <controlfield tag="005">20230811134132.0</controlfield>
  <controlfield tag="008">191007b           ||||| |||| 00| 0 eng d</controlfield>
  <datafield tag="040" ind1=" " ind2=" ">
    <subfield code="c">Franz</subfield>
  </datafield>
  <datafield tag="100" ind1=" " ind2=" ">
    <subfield code="a">Calatayud, Pedro de </subfield>
    <subfield code="9">28350</subfield>
  </datafield>
  <datafield tag="245" ind1=" " ind2=" ">
    <subfield code="a">Opusculos y doctrinas practicas, que para el gobierno interior, y direccion de las almas, y para el conocimiento, examen, y prueba de varios espiritus ofrece a sus directores, y confessores</subfield>
    <subfield code="c">y da a luz el Padre Pedro de Calatayud ; dedicalos al ilustrissimo se&#xF1;or don Diego de Roxas y Contreras.</subfield>
  </datafield>
  <datafield tag="260" ind1=" " ind2=" ">
    <subfield code="a">Logro&#xF1;o :</subfield>
    <subfield code="b">En la Imprenta de Francisco Delgado, impressor de la ciudad y del Santo Tribunal, </subfield>
    <subfield code="c">1754.</subfield>
  </datafield>
  <datafield tag="500" ind1=" " ind2=" ">
    <subfield code="a">Estado f&#xED;sico : en mal estado, separado para restauraci&#xF3;n</subfield>
  </datafield>
  <datafield tag="500" ind1=" " ind2=" ">
    <subfield code="a">LM-55</subfield>
  </datafield>
  <datafield tag="650" ind1=" " ind2=" ">
    <subfield code="a">Moral cristiana</subfield>
    <subfield code="9">21932</subfield>
  </datafield>
  <datafield tag="942" ind1=" " ind2=" ">
    <subfield code="2">lcc</subfield>
    <subfield code="c">B</subfield>
  </datafield>
  <datafield tag="999" ind1=" " ind2=" ">
    <subfield code="c">10785</subfield>
    <subfield code="d">10785</subfield>
  </datafield>
  <datafield tag="952" ind1=" " ind2=" ">
    <subfield code="0">0</subfield>
    <subfield code="1">0</subfield>
    <subfield code="2">lcc</subfield>
    <subfield code="4">0</subfield>
    <subfield code="7">0</subfield>
    <subfield code="8">LAR</subfield>
    <subfield code="a">BRCA</subfield>
    <subfield code="b">BRCA</subfield>
    <subfield code="d">2019-10-07</subfield>
    <subfield code="l">0</subfield>
    <subfield code="o">LM55 C38 1754</subfield>
    <subfield code="p">LAR00199</subfield>
    <subfield code="r">2023-09-08 00:00:00</subfield>
    <subfield code="w">2023-09-08</subfield>
    <subfield code="y">B</subfield>
  </datafield>
</record>
